Zerbrochener Spiegel?: Polen nach den Parlamentswahlen
| Main Author: | |
|---|---|
| Format: | Print Article |
| Language: | German |
| Check availability: | HBZ Gateway |
| Interlibrary Loan: | Interlibrary Loan for the Fachinformationsdienste (Specialized Information Services in Germany) |
| Published: |
2024
|
| In: |
Stimmen der Zeit
Year: 2024, Volume: 242, Issue: 4, Pages: 273-284 |
| Standardized Subjects / Keyword chains: | B
Poles
/ Election
/ Parliament
/ State
/ Church
/ History 1978-2023
|
| RelBib Classification: | KBK Europe (East) SA Church law; state-church law TK Recent history ZC Politics in general |
MARC
| LEADER | 00000caa a22000002c 4500 | ||
|---|---|---|---|
| 001 | 1889440647 | ||
| 003 | DE-627 | ||
| 005 | 20240704110317.0 | ||
| 007 | tu | ||
| 008 | 240522s2024 xx ||||| 00| ||ger c | ||
| 035 | |a (DE-627)1889440647 | ||
| 035 | |a (DE-599)KXP1889440647 | ||
| 040 | |a DE-627 |b ger |c DE-627 |e rda | ||
| 041 | |a ger | ||
| 084 | |a 1 |2 ssgn | ||
| 100 | 1 | |e VerfasserIn |0 (DE-588)1330442040 |0 (DE-627)1889692190 |4 aut |a Dobroczyński, Grzegorz | |
| 109 | |a Dobroczyński, Grzegorz | ||
| 245 | 1 | 0 | |a Zerbrochener Spiegel? |b Polen nach den Parlamentswahlen |
| 264 | 1 | |c 2024 | |
| 336 | |a Text |b txt |2 rdacontent | ||
| 337 | |a ohne Hilfsmittel zu benutzen |b n |2 rdamedia | ||
| 338 | |a Band |b nc |2 rdacarrier | ||
| 601 | |a Spiegelung | ||
| 601 | |a Parlamentswahl | ||
| 652 | |a KBK:SA:TK:ZC | ||
| 689 | 0 | 0 | |d g |0 (DE-588)4046496-9 |0 (DE-627)106197762 |0 (DE-576)209069872 |2 gnd |a Polen |
| 689 | 0 | 1 | |d s |0 (DE-588)4064286-0 |0 (DE-627)106124420 |0 (DE-576)209152583 |2 gnd |a Wahl |
| 689 | 0 | 2 | |d s |0 (DE-588)4044685-2 |0 (DE-627)106204629 |0 (DE-576)209061944 |2 gnd |a Parlament |
| 689 | 0 | 3 | |d s |0 (DE-588)4056618-3 |0 (DE-627)106154303 |0 (DE-576)209118288 |2 gnd |a Staat |
| 689 | 0 | 4 | |d s |0 (DE-588)4030702-5 |0 (DE-627)104731745 |0 (DE-576)208988742 |2 gnd |a Kirche |
| 689 | 0 | 5 | |q z |2 gnd |a Geschichte 1978-2023 |
| 689 | 0 | |5 (DE-627) | |
| 773 | 0 | 8 | |i Enthalten in |t Stimmen der Zeit |d Freiburg, Br. : Herder, 1914 |g 242.2024 = 149 (2024), 4, Seite 273-284 |w (DE-627)12948590X |w (DE-600)205159-X |w (DE-576)014876671 |x 0039-1492 |7 nnas |
| 773 | 1 | 8 | |g volume:242 |g year:2024 |g number:4 |g pages:273-284 |
| 935 | |a mteo | ||
| 951 | |a AR | ||
| CAN | |a 1 | ||
| ELC | |b 1 | ||
| ITA | |a 1 |t 1 | ||
| LOK | |0 000 xxxxxcx a22 zn 4500 | ||
| LOK | |0 001 452694341X | ||
| LOK | |0 003 DE-627 | ||
| LOK | |0 004 1889440647 | ||
| LOK | |0 005 20240704110317 | ||
| LOK | |0 008 240522||||||||||||||||ger||||||| | ||
| LOK | |0 035 |a (DE-Tue135)12948590X_149_2024_4_273 | ||
| LOK | |0 040 |a DE-Tue135 |c DE-627 |d DE-Tue135 | ||
| LOK | |0 092 |o n | ||
| LOK | |0 852 |a DE-Tue135 | ||
| LOK | |0 852 1 |9 00 | ||
| LOK | |0 935 |a imwa |a ixzs | ||
| LOK | |0 936ln |0 1442048824 |a KBK | ||
| LOK | |0 936ln |0 1442053283 |a SA | ||
| LOK | |0 936ln |0 1550736965 |a ZC | ||
| LOK | |0 936ln |0 1442053887 |a TK | ||
| LOK | |0 939 |a 22-05-24 |b l01 | ||
| ORI | |a SA-MARC-ixtheoa001.raw | ||
| REF | |a Staat-Kirche-Verhältnis | ||
| REL | |a 1 | ||
| STA | 0 | 0 | |a Church,Church,Church,Church in literature,Election,Political election,Vote,Voting,Parliament,Parliamentary work,Popular representation,Poles,Poland,Polish people,State,Country,State, The, in literature,State, The, in art |
| STB | 0 | 0 | |a Parlement,Polonais,Église,Église,Élection,Vote,État,État |
| STC | 0 | 0 | |a Elección,Estado,Estado,Iglesia,Iglesia,Parlamento,Polacos |
| STD | 0 | 0 | |a Chiesa,Chiesa,Elezioni,Parlamento,Polacchi,Stato,Stato |
| STE | 0 | 0 | |a 国家,教会,教会,波兰,议会,议院,国会,选举 |
| STF | 0 | 0 | |a 國家,教會,教會,波蘭,議會,議院,國會,選舉 |
| STG | 0 | 0 | |a Eleição,Estado,Estado,Igreja,Igreja,Parlamento,Poloneses |
| STH | 0 | 0 | |a Выборы,Государство (мотив),Государство,Парламент,Поляки (народ),Церковь (мотив),Церковь |
| STI | 0 | 0 | |a Εκκλησία (μοτίβο),Εκκλησία,Εκλογές,Κοινοβούλιο,Βουλή,Κράτος (μοτίβο),Κράτος,Πολωνοί |
| SUB | |a CAN |a REL | ||
| SYG | 0 | 0 | |a Polen,Polen,Poland , Generalgouvernement Polen,Polska,Rzeczpospolita Polska,Polska Rzeczpospolita Ludowa,Poland,Pologne,République Polonaise,Generalne Gubernatorstwo w Polsce,Polish People's Republic,Polska Rzeczpospolita,PRL,RP,Polen,Polska,Besetzte Polnische Gebiete,Besetztes Gebiet in Polen,Okupowane Polskie Obszary,Obszary Okupowane w Polsce,Volksrepublik Polen,Polska Rosyjska,Republic Polen,Respublika Pol'ša,Pol'skaja Narodnaja Respublika,République de Pologne,Polen Links der Weichsel,Polska po Lewej Stronie Wisły,Lenkija,Polija,Gubernija Carstva Pol'skago,Republik Polen , Politische Wahl,Wahlen , Parlamentsarbeit,Volksvertretung,Reichstag,Parlamente , Land,Staatswesen,Staaten , Church,Christliche Kirche,Christliche Kirche,Ekklesia , Rosenberg-Kirche,Notre-Dame-de-l'Assomption,Ste-Trinité,Sainte-Trinité |
| TIM | |a 100019780101_100020231231 |b Geschichte 1978-2023 | ||



